Equatorial guinea Nigerian relations the diplomacy of labour

Gespeichert in:
Bibliographische Detailangaben
1. Verfasser: OSUNTOKUN, Akinjide
Format: Buch
Sprache:Englisch
Veröffentlicht: Oxford University Press, 1978
Tags: Tag hinzufügen
Keine Tags, Fügen Sie den ersten Tag hinzu!

MARC

LEADER 00000nam a22000007a 4500
008 210506b ||||| |||| 00| 0 eng d
020 |a  978-154082-6 
100 |a OSUNTOKUN, Akinjide 
245 |a Equatorial guinea Nigerian relations  |b the diplomacy of labour   |c  Akinjide Osuntokun  |e (Nigeria Institute of International Affairs Monograph Series; No. 1).  |g ix, 60p 
260 |b Oxford University Press,  |c 1978  |h Ibadan:  |i 682693  |l DT317 .OS8  |m Equatorial Guinea – Nigerian – Foreign relations 
942 |a lcc  |c BK  |e Adekanye, I. H.  |f 06/05/2021 
952 |0 0  |1 0  |2 lcc  |4 0  |6 DT0317 O S8  |7 0  |9 2403  |a HOL  |b HOL  |c AF  |d 2021-05-06  |l 0  |o DT317 .OS8  |p 2021-6254  |r 2021-05-06 00:00:00  |w 2021-05-06  |y BK 
999 |c 1247  |d 1247